000 00899nas a2200313 4500
001 BR2011001972
003 BR-BrBNA
005 20231205114930.0
007 ta
008 230509b bl.|||p| |||| 00| 00por d
040 _aBR-BrBNA
_bpor
_cBiblioteca Nacional de Agricultura
041 _a(En)
072 _aF62
100 1 _aBotelho, R.V.
100 1 _aPires, e.J.P.
100 1 _aMoura, M.F.
100 1 _aTerra, M.M.
100 1 _aTecchio, M.A.
245 1 _aGarlic extract improves budbreak of the Niagara Rosada grapevines on sub-tropical regions
650 _aBROTAÇÃO
650 _aDORMÊNCIA
650 _aUVA
650 _aECOLOGIA VEGETAL
650 _aALHO
650 _aEXTRATO VEGETAL
773 0 _tCiência Rural (Brazil)
_xISSN 0103-8478
_g(Nov 2010), v. 40(11) p. 2282-2287
_wBR2011001972
909 _a202311
_bLúcia
_c55
_dLúcia Elande
942 _2AGRIS
_n0
_cANA
999 _c211291
_d211291